000 01063nam0a22002651 4500
001 rc\2625958
005 20260406225659.0
035 _a(NLR Aleph) 006789520
090 _a6129084
_c6129084
100 _a20110914d1931 |||y0rusy50 ca
101 0 _arus
102 _aRU
105 _aa z |||||
200 1 _aКожаная куртка
_e(Из истории сарат. тюрьмы)
_fВ. Сушицкий, А. Николаенко
_gН.-Волж. краев. музей
210 _aСаратов
_cОгиз РСФСР - Н.-В. краев. изд-во
_d1931
_gтип. № 2 Н.-В. крайполиграфтреста
215 _a15 с.
_cил.
_d17х13 см.
700 1 _aСушицкий
_bВ.А.
_f1900-
_gВладимир Афанасьевич
701 1 _aНиколаенко
_bА.П.
_gАнна Петровна
712 0 2 _aСаратовский краевой музей
_3RU\NLR\AUTH\889981655
_9459344
801 0 _aRU
_bNLR
_gpsbo
801 1 _aRU
_bELAR
_2rusmarc
852 _aNLR
_j32-8/1661
942 _cBOOK
980 _aNB